000 00624nam a2200205Ia 4500
005 20220617172604.0
008 210716s2007 xx 000 0 und d
020 _a8181285379
040 _cAIMIT LIBRARY
041 _aeng
082 _a006.42
_21
_bSTER
100 _aSteinmetz, Ralf.
_943897
245 _aMultimedia systems:
_bwith 172 figures /
_cBy Ralf Steinmetz and Klara Nahrstedt.
250 _a1st ed.
260 _aNew Delhi :
_bSpringer ,
_c2007.
300 _axiv,466
650 _aGraphics Program Multimedia Systems.
_943898
700 _aNahrstedt, Klara.
_943899
942 _2ddc
_cBK
_e1st
_k006.42 STER
999 _c189482
_d189482